| 000 | 01613nam a2200337 a 4500 | ||
|---|---|---|---|
| 001 | ebr10038688 | ||
| 003 | CaPaEBR | ||
| 006 | m u | ||
| 007 | cr cn||||||||| | ||
| 008 | 011206s2001 dcua sb o000 0 eng d | ||
| 015 | _aGBA1-69630 | ||
| 016 | 7 |
_a0309075653 _2Uk |
|
| 020 | _z0309075653(pbk.) | ||
| 040 |
_aCaPaEBR _cCaPaEBR |
||
| 035 | _a(OCoLC)55641395 | ||
| 050 | 1 | 4 |
_aTD898.15 _b.N38 2001eb |
| 082 | 0 | 4 |
_a621.48380973 _221 |
| 245 | 0 | 0 |
_aResearch needs for high-level waste stored in tanks and bins at U.S. Department of Energy sites _h[electronic resource] : _bEnvironmental Management Science Program : Committee on Long-Term Research Needs for Radioactive High-Level Waste at Department of Energy Sites, Board on Radioactive Waste Management Division on Earth and Life Studies, National Research Council. |
| 260 |
_aWashington : _bNational Academy Press, _cc2001. |
||
| 300 |
_axi, 134 p. : _bill. |
||
| 490 | 1 | _aCompass series | |
| 504 | _aIncludes bibliographical references. | ||
| 533 |
_aElectronic reproduction. _bPalo Alto, Calif. : _cebrary, _d2013. _nAvailable via World Wide Web. _nAccess may be limited to ebrary affiliated libraries. |
||
| 610 | 1 | 0 |
_aUnited States. _bDept. of Energy. _bEnvironmental Management Science Program. |
| 650 | 0 |
_aRadioactive waste disposal _zUnited States. |
|
| 650 | 0 |
_aRadioactive waste sites _zUnited States. |
|
| 655 | 7 |
_aElectronic books. _2local |
|
| 710 | 2 | _aebrary, Inc. | |
| 830 | 0 | _aCompass series. | |
| 856 | 4 | 0 |
_uhttp://site.ebrary.com/lib/rucke/Doc?id=10038688 _zAn electronic book accessible through the World Wide Web; click to view |
| 999 |
_c57010 _d57010 |
||